عرض عادي
عرض مارك
- Feldman, David P.
مدخل إسم شخص
001 - رقم الضبط
- حقل الضبط: 41436
003 - معرف رقم الضبط
- حقل الضبط: OSt
005 - تاريخ ووقت أخر عملية
- حقل الضبط: 20140106163428.0
008 - عناصر بيانات ثابتة الطول
- حقل تحكم ثابت الطول: 140106|||a|||||| | ||| d
040 ## - مصدر الفهرسة
- هيئة الفهرسة الأصلية: OSt
- وكالة الكتابة: OSt
100 ## - مدخل -- أسم شخص
- إسم شخص: Feldman, David P.
670 ## - بيانات المصدر موجوده
- الاستشهاد بالمصدر: Work cat.: (OSt)0: Feldman, David P., Chaos and fractals :, 2012.
